| 000 | 00353cam a22001455a 4500 | ||
|---|---|---|---|
| 001 | J100945 | ||
| 008 | 000000s1931 xxk 000 0 eng u | ||
| 035 | _a(Sirsi) u100945 | ||
| 110 |
_aSurveyors' Institution _93783 |
||
| 245 | _aLectures 1927-1931. | ||
| 260 | _c1931 | ||
| 651 | 4 |
_aUnited Kingdom _y |
|
| 690 | _aBusiness and management | ||
| 942 | _n0 | ||
| 999 |
_c99941 _d99941 |
||